| 000 | 00770nam a2200253Ia 4500 | ||
|---|---|---|---|
| 008 | 191130s2001##################000#0#eng## | ||
| 020 | _a9780199240760 | ||
| 022 | _a2001036732 | ||
| 040 |
_aACL _cACL |
||
| 082 | _a320.15 KEA | ||
| 100 | _aKeating, Michael | ||
| 245 |
_aPlurinational democracy : stateless nations in a post-sovereignty era _cMichael Keating |
||
| 260 |
_aOxford _bOxford University Press _c2001 |
||
| 300 | _ax, 197 p. : ill. ; 24 cm | ||
| 500 | _aIncludes bibliographical references (p. [173]-194) and index | ||
| 650 | _aDemocracy | ||
| 650 | _aNationalism | ||
| 650 | _aNation-state | ||
| 650 | _aSovereignty | ||
| 650 | _aStatelessness | ||
| 990 | _a4d8c1564ac10000c1521435f443e6992 | ||
| 991 | _a166460 | ||
| 999 |
_c38354 _d38354 |
||